Flags of Europe by Partial Images - Statistics

General Stats
  • This quiz has been taken 90 times
  • The average score is 32 of 45
Answer Stats
Picture Answer % Correct
United Kingdom
99%
Portugal
96%
Sweden
96%
Spain
94%
Germany
91%
Finland
87%
Norway
87%
Greece
85%
Russia
84%
Albania
79%
Malta
79%
Ireland
78%
Iceland
76%
North Macedonia
76%
Austria
75%
Croatia
75%
France
75%
Ukraine
75%
Bulgaria
72%
Czech Republic
72%
Luxembourg
72%
Estonia
70%
San Marino
70%
Serbia
69%
Slovakia
69%
Switzerland
69%
Latvia
66%
Belarus
64%
Kosovo
64%
Vatican City
64%
Andorra
63%
Bosnia & Herzegovina
61%
Liechtenstein
61%
Poland
61%
Slovenia
61%
Moldova
60%
Montenegro
58%
Netherlands
58%
Romania
54%
Hungary
52%
Belgium
51%
Italy
49%
Lithuania
49%
Denmark
48%
Monaco
45%
No matching quizzes found
Score Distribution
Percent of People with Each Score
Percentile by Number Answered
Your Score History
You have not taken this quiz